banner-ar

الحسابات الرئيسية للعملاء و طرق ادارتها بامتياز من منظور سانت جالين / (Record no. 62603)

MARC details
000 -الفاتح
حقل البيانات ثابتة الطول 01294nam a22002897a 4500
005 - وقت وتاريخ اخر تعامل مع التسجيلة
رقم الضبط 20240530110558.0
008 - عناصر البيانات ثابتة الطول - معلومات عامة
حقل البيانات ثابتة الطول 160307s2013 ua ak g b 000 0dara d
017 ## - رقم الايداع القانونى
رقم الايداع القانونى 22997
المصدر ( الهيئة المختصة) مصر . دار الكتب المصرية
020 ## - الرقم الدولى المعيارى للكتب
الرقم الدولى المعيارى للكتاب 9789773771589
040 ## - مصدر الفهرسة
وكالة الفهرسة الأصلية EG-CaGPL
082 04 - رقم تصنيف ديوى العشرى
رقم الطبعة 21
رقم التصنيف 658.15\
رقم المادة ب ح
100 0# - المدخل الرئيسى - إسم شخصى
الإسم الشخصى بيلز ، كريستيان
245 12 - بيان العنوان
العنوان الحسابات الرئيسية للعملاء و طرق ادارتها بامتياز من منظور سانت جالين /
بيان المسئوليه,etc تاليف كريستيان بيلز ، ماركوس مولنر ، ديرك زوبانسيك ؛ ترجمة عائشة حمدى
250 ## - بيان الطبعة
بيان الطبعة ط1
260 ## - PUBLICATION, DISTRIBUTION, ETC. (IMPRINT)
تاريخ النشر أو التوزيع 2013 .
300 ## - الوصف المادى
التعداد 422 ص :
تفاصيل ماديه اخرى للوعاء ايض ؛
أبعاد الوعاء 24 سم .
504 ## - تبصرة ببليوجرافية
تبصرة ببليوجرافية,الخ يشتمل على ارجاعات ببليوجرافية
650 04 - المدخل الاضافى بالموضوع-مصطلح موضوعى
مصطلح موضوعي الادارة المالية
650 04 - المدخل الاضافى بالموضوع-مصطلح موضوعى
مصطلح موضوعي المحاسبة الادارية
650 04 - المدخل الاضافى بالموضوع-مصطلح موضوعى
مصطلح موضوعي السياسة المالية
650 04 - المدخل الاضافى بالموضوع-مصطلح موضوعى
مصطلح موضوعي الميزانيات التقديرية
700 1# - المدخل الاضافى - اسم شخصى
الإسم الشخصى مولنر ، ماركوس
الدور مؤلف مشارك
700 1# - المدخل الاضافى - اسم شخصى
الإسم الشخصى زوبانسيك ، ديرك
الدور مؤلف مشارك
700 0# - المدخل الاضافى - اسم شخصى
الإسم الشخصى عائشة حمدى
الدور مترجم
942 ## - عناصر المدخل الإضافي( كوها)
مصدر التصنيف او مخطط الترفيف Dewey Decimal Classification
Koha [default] item type كتاب
260 ## - PUBLICATION, DISTRIBUTION, ETC. (IMPRINT)
-- القاهرة :
-- مجموعة النيل العربية ،
Holdings
حالة التراجع حالة الفقد حالة تلف ليس للاعارة المكان المؤقت الموقع الحالى تاريخ الاكتساب اجمالي اﻻعارات رقم الطلب الباركود تاريخ اخر مشاهدة تاريخ تفعيل السعر نوع وعاء كوها
        مكتبة القاهرة الكبرى مكتبة القاهرة الكبرى 08/31/2016   658.15\ ب ح 162375 08/31/2016 08/31/2016 كتاب

Powered By

EGPV